A Gift of Fire (Record no. 12766)
[ view plain ]
| 000 -LEADER | |
|---|---|
| fixed length control field | 00246nam a22001217a 4500 |
| 020 ## - INTERNATIONAL STANDARD BOOK NUMBER | |
| ISBN | 9789352868766 |
| 100 ## - MAIN ENTRY--AUTHOR NAME | |
| Personal name | Baase Sara |
| 245 ## - TITLE STATEMENT | |
| Title | A Gift of Fire |
| 250 ## - EDITION STATEMENT | |
| Edition statement | 4th |
| 260 ## - PUBLICATION, DISTRIBUTION, ETC. (IMPRINT) | |
| Place of publication | India |
| Name of publisher | Pearson |
| Year of publication | 2018 |
| 300 ## - PHYSICAL DESCRIPTION | |
| Number of Pages | 494 pages |
| 942 ## - ADDED ENTRY ELEMENTS (KOHA) | |
| Koha item type | Books |
| Withdrawn status | Lost status | Collection code | Permanent Location | Current Location | Shelving location | Date acquired | Accession Number | Koha item type |
|---|---|---|---|---|---|---|---|---|
| | | Computer Science | MAJU | MAJU | Shelf No.A33 | 2020-12-02 | 9848 | Computer Science |